| 000 | 00924cam a22002651 4500 | ||
|---|---|---|---|
| 999 |
_c127475 _d127475 |
||
| 001 | 9420604 | ||
| 003 | ARRUPE | ||
| 005 | 20180124093000.0 | ||
| 008 | 760330s1965 fr 000 0 fre | ||
| 010 | _a 67076450 | ||
| 035 | _a(OCoLC)2079000 | ||
| 040 |
_aDLC _cNcRS _dOCoLC _dOU _dOCoLC _dDLC |
||
| 042 | _apremarc | ||
| 043 | _af | ||
| 050 | 0 | 0 |
_aBL2400 _b.R4 1962 |
| 111 | 2 |
_aRencontres internationales _d(1962 : _cBouaké, Côte d'Ivoire) _938828 |
|
| 245 | 1 | 4 |
_aLes religions africaines traditionnelles. _cRencontres Internationales de Bouake |
| 260 |
_aParis, _bÉditions du Seuil _c[1965] |
||
| 300 |
_a201 p. _c21 cm. |
||
| 500 | _a"Organisées par le Centre culturel du monastère bénédictin de Bouaké." | ||
| 651 | 0 |
_aAfrica _xReligion _vCongresses. _938692 |
|
| 710 | 2 |
_aMonastère bénédictin (Bouaké, Ivory Coast) _938829 |
|
| 906 |
_a7 _bcbc _coclcrpl _du _encip _f19 _gy-gencatlg |
||
| 942 |
_2lcc _cMONOGRAPH |
||